[Event "FRA-chT3 0405"]
[Site "France"]
[Date "2005.04.02"]
[Round "8"]
[White "Sanvoisin, Aude"]
[Black "Rault, Antoine"]
[Result "0-1"]
[WhiteElo "1199"]
[BlackElo "1650"]
[PlyCount "40"]
[EventDate "2004.10.10"]
[EventType "team"]
[EventRounds "9"]
[EventCountry "FRA"]
[SourceTitle "EXT 2007"]
[Source "ChessBase"]
[SourceDate "2006.11.23"]
[SourceVersion "1"]
[SourceVersionDate "2006.11.23"]
[SourceQuality "1"]

1. e4 e6 2. d3 d5 3. Nf3 dxe4 4. dxe4 Qxd1+ 5. Kxd1 Bc5 6. Bf4 c6 7. Be2 Nf6 8. e5 Ng4 9. Bg3 Bxf2 10. Bxf2 Nxf2+ 11. Ke1 Nxh1 12. c4 Nd7 13. a4 0-0 14. b4 f6 15. exf6 Nxf6 16. Nd4 e5 17. Nf5 Bxf5 18. Bd3 Bxd3 19. c5 Ne4 20. Na3 Rf1# 0-1